CS2 - All S-Tier Tournaments in 2024 - Statistics

General Stats
  • This quiz has been taken 148 times
    41 since last reset
  • The average score is 73 of 121
Answer Stats
Hint Answer % Correct
Vitality
100%
2nd FaZe
97%
G2
97%
Natus Vincere
97%
1st Spirit
97%
donk
93%
3-4th Falcons
93%
FURIA
93%
m0NESY
93%
NiKo
93%
ropz
93%
ZywOo
93%
Astralis
90%
1-4th chopper
90%
karrigan
90%
MOUZ
90%
sh1ro
90%
apEX
87%
HEROIC
87%
magixx
87%
The MongolZ
87%
zont1x
87%
Aleksib
83%
br0
83%
broky
83%
huNter-
83%
jL
83%
rain
83%
Spinx
83%
w0nderful
83%
b1t
80%
device
80%
dupreeh
80%
flameZ
80%
iM
80%
4th Magisk
80%
mezii
80%
Snax
80%
Brollan
77%
FalleN
77%
frozen
77%
jabbi
77%
Jimpphat
77%
TeSeS
77%
Eternal Fire
73%
HooXi
73%
malbsMd
73%
Senzu
73%
siuhy
73%
SunPayus
73%
torzsi
73%
910
70%
bLitz
70%
KSCERATO
70%
kyxsan
70%
stavn
70%
Techno
70%
xertioN
70%
degster
67%
mzinho
67%
paiN
67%
Staehr
67%
yuurih
67%
cadiaN
63%
MIBR
63%
nexa
63%
MAJ3R
60%
Ninjas in Pyjamas
60%
3rd Snappi
60%
woxic
60%
XANTARES
60%
Wicadia
57%
Calyx
53%
Complexity
53%
Maden
53%
Stewie2K
53%
Virtus.pro
53%
saffee
50%
9z
43%
drop
43%
Grim
43%
hallzerk
43%
insani
43%
JACKZ
43%
JT
43%
nqz
43%
snow
43%
biguzera
40%
chelo
40%
electroNic
40%
EliGE
40%
fame
40%
FL1T
40%
Jame
40%
sjuush
40%
skullz
40%
BOROS
37%
exit
33%
NertZ
33%
REZ
33%
SAW
33%
alex
30%
dgt
30%
r1nkle
30%
floppy
27%
n0rb3r7
27%
kye
23%
MUTiRiS
23%
arrozdoce
20%
brnz4n
20%
buda
20%
MartinezSa
20%
max
20%
ewjerkz
17%
kauez
17%
lux
17%
roman
13%
story
13%
HUASOPEEK
10%
isak
10%
maxster
10%
No matching quizzes found
Score Distribution
Percent of People with Each Score
Percentile by Number Answered
Your Score History
You have not taken this quiz since the last reset